Miasta w Wietnamie - nagła śmierć - Statystyki

Ogólne statystyki
  • Ten quiz został rozwiązany 40 razy
    23 od ostatniego zresetowania
  • Średni wynik to 9 z 12
Answers on the Grid
Answers color-coded by a green-red scale on the quiz's grid according to % correct below.
Luang Prabang
Bătdâmbâng
Katmandu
Thimphu
Johor Bahru
Phuket
Bien Hoa
Can Tho
Da Nang
Dien Bien Phu
Hajfong
Hanoi
Ho Chi Minh
Hue
Long Xuyen
My Tho
Quy Nhon
Thuan An
 
Statystyki odpowiedzi
Odpowiedź % Poprawnych
Can Tho
100%
Ho Chi Minh
100%
My Tho
100%
Quy Nhon
100%
Bien Hoa
80%
Da Nang
80%
Hanoi
80%
Dien Bien Phu
60%
Hue
60%
Long Xuyen
60%
Thuan An
60%
Hajfong
40%
Nie znaleziono quizów pasujących do podanych kryteriów
Rozkład punktacji
Procent ludzi z każdym wynikiem
Percentyl według liczby udzielonych odpowiedzi
Twoja historia wyników
Nie rozwiązałeś tego quizu od ostatniego zresetowania